[Event "Heusenstamm Schloss op"]
[Site "Heusenstamm"]
[Date "2023.11.26"]
[Round "7"]
[White "Hebbering, Tom Elliot"]
[Black "Akhmatovski, Maxim"]
[Result "1/2-1/2"]
[WhiteElo "2232"]
[BlackElo "2070"]
[PlyCount "85"]
[EventDate "2023.11.23"]
[EventType "swiss"]
[EventRounds "7"]
[EventCountry "GER"]
[SourceTitle "CB50_2023"]
[SourceDate "2023.12.13"]
[SourceVersion "1"]
[SourceVersionDate "2023.12.13"]
[SourceQuality "1"]

1. d4 d5 2. c4 e6 3. Nf3 c6 4. e3 Bd6 5. b3 f5 6. Bd3 Nf6 7. 0-0 0-0 8. Ba3 Bxa3 9. Nxa3 Qe7 10. Nc2 Nbd7 11. cxd5 Nxd5 12. e4 Nf4 13. Re1 Nxd3 14. Qxd3 Qd6 15. e5 Qe7 16. Ne3 b5 17. a4 f4 18. Nf1 a6 19. axb5 cxb5 20. d5 Nc5 21. Qd1 exd5 22. b4 Na4 23. Qd4 Be6 24. N1d2 Rac8 25. Rac1 Qd8 26. Rxc8 Qxc8 27. Ng5 h6 28. Nxe6 Qxe6 29. Rc1 Nb6 30. Rc5 Nc4 31. Rxd5 Nxd2 32. Qxd2 f3 33. gxf3 Qg6+ 34. Kh1 Qb1+ 35. Kg2 Qg6+ 36. Kh1 Qh5 37. Qd3 Qxf3+ 38. Qxf3 Rxf3 39. e6 Kf8 40. Kg2 Ra3 41. Rd7 Ra4 42. Ra7 Rxb4 43. Rxa6 1/2-1/2

[Event "Heusenstamm Schloss op"]
[Site "Heusenstamm"]
[Date "2023.11.24"]
[Round "3"]
[White "Hebbering, Tom Elliot"]
[Black "Diehm, Alexander"]
[Result "1/2-1/2"]
[WhiteElo "2232"]
[BlackElo "1969"]
[PlyCount "73"]
[EventDate "2023.11.23"]
[EventType "swiss"]
[EventRounds "7"]
[EventCountry "GER"]
[SourceTitle "CB50_2023"]
[SourceDate "2023.12.13"]
[SourceVersion "1"]
[SourceVersionDate "2023.12.13"]
[SourceQuality "1"]

1. d4 f5 2. g3 Nf6 3. Bg2 d5 4. Nf3 e6 5. 0-0 Bd6 6. c4 c6 7. Qc2 0-0 8. Nc3 Ne4 9. Rb1 a5 10. a3 b6 11. b4 axb4 12. axb4 Qe7 13. c5 bxc5 14. bxc5 Bc7 15. Bf4 Bxf4 16. gxf4 Ba6 17. Rb2 Nxc3 18. Qxc3 Bb5 19. Rfb1 Na6 20. Bf1 Nc7 21. Ne5 Ra6 22. Qg3 Rfa8 23. e3 Qe8 24. h4 Ra2 25. Rxa2 Rxa2 26. Qg5 h6 27. Qg6 Qxg6+ 28. Nxg6 Kf7 29. Ne5+ Kf6 30. h5 Ra3 31. Kg2 Ke7 32. Kf3 Kf6 33. Bxb5 cxb5 34. Rg1 Ne8 35. Nc6 Ra6 36. Ne5 Ra3 37. Rb1 1/2-1/2

[Event "Heusenstamm Schloss op"]
[Site "Heusenstamm"]
[Date "2022.11.20"]
[Round "7"]
[White "Hagner, Bennet"]
[Black "Hebbering, Tom Elliot"]
[Result "1-0"]
[WhiteElo "2336"]
[BlackElo "2229"]
[PlyCount "71"]
[EventDate "2022.11.17"]
[EventType "swiss"]
[EventRounds "7"]
[EventCountry "GER"]
[SourceTitle "CBM 211 Extra"]
[Source "ChessBase"]
[SourceDate "2023.01.31"]
[SourceVersion "1"]
[SourceVersionDate "2023.01.31"]
[SourceQuality "1"]

1. e4 c5 2. Nf3 e6 3. d4 cxd4 4. Nxd4 Nc6 5. Nc3 Qc7 6. Be3 a6 7. Qf3 Nf6 8. 0-0-0 Be7 9. Kb1 d6 10. Nxc6 bxc6 11. g4 e5 12. Rg1 Be6 13. g5 Nd7 14. h4 Rb8 15. Bh3 Nf8 16. h5 Bxh3 17. Qxh3 Ne6 18. Ne2 d5 19. Bc1 d4 20. Qf5 g6 21. Qh3 Rf8 22. f4 exf4 23. hxg6 hxg6 24. Rgf1 Qb6 25. Nxf4 Nxf4 26. Rxf4 Bxg5 27. Qg3 Bxf4 28. Qxf4 Rb7 29. c3 dxc3 30. Qe5+ Re7 31. Qxc3 Rd7 32. Qe5+ Re7 33. Qg7 Qb4 34. Bh6 Rxe4 35. Qf6 Qb6 36. Bg5 1-0

[Event "Heusenstamm Schloss op"]
[Site "Heusenstamm"]
[Date "2022.11.19"]
[Round "4"]
[White "Hebbering, Tom Elliot"]
[Black "Spriestersbach, Kai"]
[Result "1/2-1/2"]
[WhiteElo "2229"]
[BlackElo "2050"]
[PlyCount "114"]
[EventDate "2022.11.17"]
[EventType "swiss"]
[EventRounds "7"]
[EventCountry "GER"]
[SourceTitle "CBM 211 Extra"]
[Source "ChessBase"]
[SourceDate "2023.01.31"]
[SourceVersion "1"]
[SourceVersionDate "2023.01.31"]
[SourceQuality "1"]

1. d4 Nf6 2. c4 g6 3. g3 Bg7 4. Bg2 0-0 5. Nc3 d6 6. Nf3 Nc6 7. 0-0 a6 8. b3 Rb8 9. d5 Na5 10. Bg5 h6 11. Bd2 c5 12. dxc6 Nxc6 13. Rc1 Be6 14. Ne1 Qd7 15. Nd5 Kh7 16. Bc3 Ne5 17. f4 Neg4 18. Qd3 b5 19. h3 bxc4 20. bxc4 Nxd5 21. Bxg7 Nb4 22. Qd4 Rg8 23. hxg4 Rxg7 24. f5 gxf5 25. gxf5 Rxg3 26. fxe6 Qxe6 27. Qf4 Rg7 28. Qf5+ Qxf5 29. Rxf5 Nxa2 30. Rc2 Nb4 31. Rb2 Nc6 32. Rxb8 Nxb8 33. Kf2 Nd7 34. Be4 Kg8 35. Ra5 Nc5 36. Bf3 Rg5 37. Ra3 a5 38. Nd3 Nd7 39. Ke3 Ne5 40. Nxe5 Rxe5+ 41. Kd3 Kg7 42. Rb3 Kf6 43. Rb5 Rc5 44. Kd4 Rg5 45. Kc3 Rc5 46. Kb3 Ke5 47. e3 f5 48. Rb7 e6 49. Re7 Kf6 50. Rh7 Re5 51. Rxh6+ Kg7 52. Rh3 Rxe3+ 53. Kc2 Kf6 54. Kd2 Rb3 55. Rh6+ Ke5 56. Bc6 Rb6 57. Bd7 a4 1/2-1/2

[Event "Oberliga Ost-B 2122"]
[Site "Germany"]
[Date "2022.07.03"]
[Round "7.3"]
[White "Dubkov, Andrej"]
[Black "Hebbering, Tom Elliot"]
[Result "1-0"]
[WhiteElo "2332"]
[BlackElo "2230"]
[PlyCount "87"]
[EventDate "2021.10.10"]
[EventType "team-tourn"]
[EventRounds "11"]
[EventCountry "GER"]
[SourceTitle "EXT 2023"]
[Source "ChessBase"]
[SourceDate "2022.10.05"]
[SourceVersion "1"]
[SourceVersionDate "2022.10.05"]
[SourceQuality "1"]
[WhiteTeam "Wiesbaden"]
[BlackTeam "Gernsheim"]
[WhiteTeamCountry "GER"]
[BlackTeamCountry "GER"]

1. d4 Nf6 2. c4 e6 3. Nc3 d5 4. cxd5 exd5 5. Bg5 Nbd7 6. e3 Be7 7. Bd3 c6 8. h3 Nb6 9. Qc2 h6 10. Bf4 Bd6 11. Nge2 Bxf4 12. Nxf4 Qe7 13. 0-0-0 g5 14. Nfe2 Bd7 15. Kb1 0-0-0 16. Ka1 Kb8 17. Rc1 Ne8 18. h4 Nd6 19. Ng3 gxh4 20. Nh5 Qg5 21. Nf4 Bf5 22. Rh2 Rde8 23. Rch1 Bxd3 24. Nxd3 Nd7 25. Ne1 Nf5 26. Nf3 Qg6 27. Ne2 Nf6 28. Nf4 Qh7 29. Nxh4 Nxh4 30. Qxh7 Rxh7 31. Rxh4 h5 32. g4 Rg8 33. gxh5 Ne4 34. R4h2 Kc7 35. Kb1 f5 36. Kc2 Kd6 37. Kd3 Ke7 38. Ke2 Kf7 39. Rc1 Nf6 40. b4 Rgh8 41. b5 cxb5 42. Kd3 a6 43. Rg2 Re8 44. Rg5 1-0

[Event "Oberliga Ost-B 2122"]
[Site "Germany"]
[Date "2022.05.22"]
[Round "5.3"]
[White "Urban, Lars"]
[Black "Hebbering, Tom Elliot"]
[Result "0-1"]
[WhiteElo "2201"]
[BlackElo "2230"]
[PlyCount "120"]
[EventDate "2021.10.10"]
[EventType "team-tourn"]
[EventRounds "11"]
[EventCountry "GER"]
[SourceTitle "EXT 2023"]
[Source "ChessBase"]
[SourceDate "2022.10.05"]
[SourceVersion "1"]
[SourceVersionDate "2022.10.05"]
[SourceQuality "1"]
[WhiteTeam "Erfurt Empor"]
[BlackTeam "Gernsheim"]
[WhiteTeamCountry "GER"]
[BlackTeamCountry "GER"]

1. d4 d5 2. c4 e6 3. Nc3 Bb4 4. Nf3 Nf6 5. Qa4+ Nc6 6. Bg5 h6 7. Bxf6 Qxf6 8. Ne5 Bd7 9. Nxc6 Bxc3+ 10. bxc3 Bxc6 11. Qb4 dxc4 12. e3 Qe7 13. Qxe7+ Kxe7 14. Bxc4 Bxg2 15. Rg1 Be4 16. Ke2 g6 17. f3 Bd5 18. Bxd5 exd5 19. Rab1 b6 20. e4 c6 21. Kd3 g5 22. a4 Rab8 23. exd5 cxd5 24. Rge1+ Kd6 25. Re5 f6 26. Re2 Rhe8 27. Rxe8 Rxe8 28. a5 Kc6 29. axb6 axb6 30. Ra1 f5 31. Ra7 f4 32. Rh7 Re3+ 33. Kd2 Rxf3 34. Rxh6+ Kb5 35. Rd6 Kc4 36. Rc6+ Kb5 37. Rd6 Rh3 38. Rxd5+ Kc4 39. Rxg5 Rxh2+ 40. Ke1 Kxc3 41. Rg6 b5 42. d5 Rh5 43. Rc6+ Kb3 44. d6 Rd5 45. Ke2 b4 46. Kf3 Rd4 47. Kg4 Ka4 48. Kf5 Kb5 49. Rc1 Rxd6 50. Kxf4 Re6 51. Rb1 Kc4 52. Rc1+ Kb3 53. Rc8 Kb2 54. Rb8 b3 55. Kf3 Kc2 56. Rc8+ Kb1 57. Rb8 b2 58. Kf2 Ra6 59. Ke2 Ka2 60. Kd2 b1Q 0-1

[Event "Oberliga Ost-B 1920"]
[Site "Germany"]
[Date "2019.12.07"]
[Round "4.3"]
[White "Hebbering, Tom Elliot"]
[Black "Nothnagel, Marian Can"]
[Result "1/2-1/2"]
[WhiteElo "2224"]
[BlackElo "2363"]
[PlyCount "46"]
[EventDate "2019.09.29"]
[EventType "team-tourn"]
[EventRounds "11"]
[EventCountry "GER"]
[SourceTitle "EXT 2021"]
[Source "ChessBase"]
[SourceDate "2020.10.23"]
[SourceVersion "1"]
[SourceVersionDate "2020.10.23"]
[SourceQuality "1"]
[WhiteTeam "Gernsheim"]
[BlackTeam "Griesheim"]
[WhiteTeamCountry "GER"]
[BlackTeamCountry "GER"]

1. d4 Nf6 2. c4 g6 3. g3 Bg7 4. Bg2 0-0 5. Nc3 d6 6. Nf3 Nc6 7. 0-0 a6 8. b3 e5 9. dxe5 dxe5 10. Bg5 Be6 11. Nd2 h6 12. Be3 Qc8 13. Nde4 Nxe4 14. Nxe4 Bh3 15. Qc2 Bxg2 16. Kxg2 Qf5 17. Rad1 Rad8 18. Qb1 Nd4 19. Nc5 Qc8 20. Qe4 b6 21. Bxd4 exd4 22. Nd3 Rfe8 23. Qf3 Qe6 1/2-1/2

[Event "Heusenstamm Sparkassen op-A 6th"]
[Site "Heusenstamm"]
[Date "2019.11.23"]
[Round "5"]
[White "Schroeder, Juergen"]
[Black "Hebbering, Tom Elliot"]
[Result "1/2-1/2"]
[WhiteElo "2041"]
[BlackElo "2226"]
[PlyCount "84"]
[EventDate "2019.11.21"]
[EventType "swiss"]
[EventRounds "7"]
[EventCountry "GER"]
[SourceTitle "CBM 194 Extra"]
[Source "ChessBase"]
[SourceDate "2020.03.31"]
[SourceVersion "1"]
[SourceVersionDate "2020.03.31"]
[SourceQuality "1"]

1. e4 c5 2. Be2 Nc6 3. d3 e6 4. f4 d5 5. Nf3 dxe4 6. dxe4 Qxd1+ 7. Bxd1 Nf6 8. Nbd2 Be7 9. c3 0-0 10. e5 Nd5 11. Ne4 b6 12. Bc2 Bb7 13. Bd2 Rfd8 14. g4 b5 15. 0-0 b4 16. Rae1 bxc3 17. bxc3 Ba6 18. Rf2 Bc4 19. f5 exf5 20. gxf5 Bxa2 21. f6 gxf6 22. exf6 Nxf6 23. Bg5 Nd5 24. Ba4 Bxg5 25. Bxc6 Be3 26. Rxe3 Nxe3 27. Rxa2 Rac8 28. Bd7 Rc7 29. Nf6+ Kf8 30. Ne5 Nd1 31. c4 Nc3 32. Rf2 Kg7 33. Ne8+ Rxe8 34. Bxe8 Re7 35. Rxf7+ Rxf7 36. Bxf7 Kf6 37. Nd7+ Kxf7 38. Nxc5 Ke7 39. Kf2 Kd6 40. Nb3 Ke5 41. Ke3 Na4 42. Nd4 a6 1/2-1/2

[Event "Wiesbaden op 31st"]
[Site "Wiesbaden"]
[Date "2019.08.23"]
[Round "2"]
[White "Hebbering, Tom Elliot"]
[Black "Bakiev, Diyor"]
[Result "1-0"]
[WhiteElo "2220"]
[BlackElo "2014"]
[PlyCount "135"]
[EventDate "2019.08.22"]
[EventType "swiss"]
[EventRounds "7"]
[EventCountry "GER"]
[SourceTitle "EXT 2020"]
[Source "ChessBase"]
[SourceDate "2019.10.17"]
[SourceVersion "1"]
[SourceVersionDate "2019.10.17"]
[SourceQuality "1"]

1. d4 Nf6 2. c4 c5 3. d5 e6 4. Nc3 exd5 5. cxd5 d6 6. g3 g6 7. Bg2 Bg7 8. Nf3 0-0 9. 0-0 Re8 10. Bf4 Bf5 11. Nd2 Nh5 12. e4 Nxf4 13. gxf4 Bc8 14. Nc4 a6 15. a4 f5 16. Qb3 Bxc3 17. bxc3 fxe4 18. Rfe1 Rf8 19. Nb6 Ra7 20. Nxc8 Qxc8 21. Qb6 Ra8 22. Qxd6 Qd7 23. Qxc5 Rxf4 24. Qd4 Qd6 25. Rab1 Nd7 26. Rxb7 Raf8 27. Bh3 Ne5 28. Be6+ Qxe6 29. dxe6 Nf3+ 30. Kg2 Nxd4 31. e7 Re8 32. cxd4 Kf7 33. Re3 Rg4+ 34. Kh3 Rf4 35. Kg3 g5 36. Kg2 Rg4+ 37. Kf1 Rf4 38. Ke2 g4 39. Rc3 Rxe7 40. Rxe7+ Kxe7 41. Rc7+ Kd6 42. Rxh7 Kd5 43. Ra7 Kxd4 44. Rxa6 Rf7 45. Rd6+ Ke5 46. Rd1 Rh7 47. a5 Rxh2 48. Rg1 Rh6 49. Ra1 Ra6 50. Ke3 g3 51. fxg3 Rg6 52. Kf2 Ra6 53. Ra4 Rf6+ 54. Ke2 Ra6 55. Ke3 Kd5 56. g4 Ra8 57. a6 Ra7 58. g5 Ke5 59. Ra5+ Kd6 60. Kxe4 Re7+ 61. Kf5 Rf7+ 62. Kg6 Ra7 63. Kf6 Ra8 64. a7 Rf8+ 65. Kg7 Ra8 66. Kf7 Kc6 67. Ra1 Kb7 68. g6 1-0

[Event "Rhein Main op-A 22nd"]
[Site "Bad Homburg"]
[Date "2019.06.22"]
[Round "6"]
[White "Hebbering, Tom Elliot"]
[Black "Zhukenov, Aituar"]
[Result "1-0"]
[WhiteElo "2217"]
[BlackElo "2025"]
[PlyCount "59"]
[EventDate "2019.06.19"]
[EventType "swiss"]
[EventRounds "9"]
[EventCountry "GER"]
[SourceTitle "EXT 2020"]
[Source "ChessBase"]
[SourceDate "2019.10.17"]
[SourceVersion "1"]
[SourceVersionDate "2019.10.17"]
[SourceQuality "1"]

1. d4 Nf6 2. c4 c5 3. d5 e6 4. Nc3 exd5 5. cxd5 d6 6. g3 g6 7. Bg2 Bg7 8. Nf3 0-0 9. 0-0 a6 10. a4 Re8 11. Bf4 Nh5 12. Bg5 Qc7 13. Re1 Nd7 14. e4 Rb8 15. Rc1 b5 16. axb5 axb5 17. b4 Qa7 18. Bf1 Ba6 19. Qb3 cxb4 20. Qxb4 Qc5 21. Na2 Qxb4 22. Nxb4 Nc5 23. Rxc5 dxc5 24. Nxa6 Rb6 25. Nxc5 b4 26. Nb3 Bc3 27. Rd1 Rd6 28. Nfd2 Kg7 29. Bb5 Rb8 30. Nc4 1-0

[Event "Rhein Main op-A 22nd"]
[Site "Bad Homburg"]
[Date "2019.06.21"]
[Round "4"]
[White "Hebbering, Tom Elliot"]
[Black "Martin, Reiner"]
[Result "1-0"]
[WhiteElo "2217"]
[BlackElo "1979"]
[PlyCount "57"]
[EventDate "2019.06.19"]
[EventType "swiss"]
[EventRounds "9"]
[EventCountry "GER"]
[SourceTitle "EXT 2020"]
[Source "ChessBase"]
[SourceDate "2019.10.17"]
[SourceVersion "1"]
[SourceVersionDate "2019.10.17"]
[SourceQuality "1"]

1. d4 Nf6 2. c4 c5 3. d5 e6 4. Nc3 exd5 5. cxd5 d6 6. g3 g6 7. Bg2 Bg7 8. Nf3 0-0 9. 0-0 a6 10. a4 Nbd7 11. Bf4 Qe7 12. Rb1 Nh5 13. Bg5 f6 14. Bd2 f5 15. Ng5 Bf6 16. Ne6 Rf7 17. e4 Ng7 18. exf5 Nxf5 19. Ne4 Nf8 20. Nxf6+ Qxf6 21. Bc3 Qe7 22. Re1 Qd7 23. b4 b6 24. a5 cxb4 25. Rxb4 bxa5 26. Rbe4 h6 27. g4 Ne7 28. Qd4 Rh7 29. Nxf8 1-0

[Event "Rhein Main op-A 22nd"]
[Site "Bad Homburg"]
[Date "2019.06.20"]
[Round "3"]
[White "Hebbering, Tom Elliot"]
[Black "Lenz, Jonas"]
[Result "0-1"]
[WhiteElo "2217"]
[BlackElo "2073"]
[PlyCount "30"]
[EventDate "2019.06.19"]
[EventType "swiss"]
[EventRounds "9"]
[EventCountry "GER"]
[SourceTitle "EXT 2020"]
[Source "ChessBase"]
[SourceDate "2019.10.17"]
[SourceVersion "1"]
[SourceVersionDate "2019.10.17"]
[SourceQuality "1"]

1. d4 Nf6 2. c4 g6 3. g3 c6 4. Bg2 d5 5. Qa4 Nfd7 6. cxd5 Nb6 7. Qb3 cxd5 8. Nc3 Nc6 9. Nxd5 Nxd4 10. Qd3 Bg7 11. Nxb6 Qxb6 12. Nf3 Qb4+ 13. Kf1 Bf5 14. e4 Be6 15. Bd2 Qc4 0-1

[Event "Rhein Main op-A 22nd"]
[Site "Bad Homburg"]
[Date "2019.06.19"]
[Round "1"]
[White "Hebbering, Tom Elliot"]
[Black "Schramm, Matthias"]
[Result "1-0"]
[WhiteElo "2217"]
[BlackElo "1979"]
[PlyCount "83"]
[EventDate "2019.06.19"]
[EventType "swiss"]
[EventRounds "9"]
[EventCountry "GER"]
[SourceTitle "EXT 2020"]
[Source "ChessBase"]
[SourceDate "2019.10.17"]
[SourceVersion "1"]
[SourceVersionDate "2019.10.17"]
[SourceQuality "1"]

1. d4 e6 2. c4 d5 3. Nf3 c5 4. cxd5 exd5 5. g3 Nc6 6. Bg2 Nf6 7. 0-0 c4 8. Nc3 Be7 9. Ne5 0-0 10. Bg5 Be6 11. Nxc4 dxc4 12. Bxf6 Bxf6 13. d5 Bxc3 14. bxc3 Qf6 15. dxc6 bxc6 16. Qc2 Rad8 17. Rad1 h5 18. Bxc6 Bf5 19. Qa4 Bh3 20. Rfe1 Rxd1 21. Rxd1 Qxc3 22. Be4 Bg4 23. Bf3 Bxf3 24. exf3 Qxf3 25. Rc1 c3 26. Qxa7 Rd8 27. Qc7 Rd1+ 28. Rxd1 Qxd1+ 29. Kg2 c2 30. Qc8+ Kh7 31. Qf5+ Kh6 32. Qf4+ Kg6 33. Qe4+ Kf6 34. Qc6+ Ke5 35. Qc7+ Kd4 36. Qd6+ Kc3 37. Qc5+ Kb2 38. Qb4+ Kxa2 39. Qa4+ Kb2 40. Qb4+ Kc1 41. Qa3+ Kd2 42. Qe3# 1-0

[Event "Oberliga Ost-B 1819"]
[Site "Germany"]
[Date "2019.04.07"]
[Round "11.2"]
[White "Hebbering, Tom Elliot"]
[Black "Wehner, Janis"]
[Result "1-0"]
[WhiteElo "2194"]
[BlackElo "2164"]
[PlyCount "77"]
[EventDate "2018.10.21"]
[EventType "team-tourn"]
[EventRounds "11"]
[EventCountry "GER"]
[SourceTitle "EXT 2020"]
[Source "ChessBase"]
[SourceDate "2019.10.17"]
[SourceVersion "1"]
[SourceVersionDate "2019.10.17"]
[SourceQuality "1"]
[WhiteTeam "Gernsheim"]
[BlackTeam "Erfurt Medizin"]
[WhiteTeamCountry "GER"]
[BlackTeamCountry "GER"]

1. d4 Nf6 2. c4 g6 3. g3 Bg7 4. Bg2 0-0 5. Nc3 d6 6. Nf3 c5 7. d5 e6 8. 0-0 exd5 9. cxd5 Re8 10. Bf4 Ne4 11. Nxe4 Rxe4 12. Nd2 Re8 13. Nc4 Bf8 14. a4 b6 15. Re1 Ba6 16. b3 Bxc4 17. bxc4 Bg7 18. Ra2 Qe7 19. e4 Nd7 20. Rae2 Ne5 21. Qc2 g5 22. Bxe5 Qxe5 23. Bh3 a6 24. Rb1 Rab8 25. Re3 Re7 26. Bf5 Reb7 27. Reb3 Qe8 28. Qa2 b5 29. axb5 axb5 30. Rxb5 Rxb5 31. Rxb5 Rxb5 32. cxb5 Qxb5 33. Qa8+ Bf8 34. e5 Kg7 35. Qd8 dxe5 36. Qxg5+ Kh8 37. Qh5 Kg7 38. Qg5+ Kh8 39. d6 1-0

[Event "Oberliga Ost-B 1819"]
[Site "Germany"]
[Date "2019.03.24"]
[Round "9.2"]
[White "Hebbering, Tom Elliot"]
[Black "Siebarth, Raiko"]
[Result "1/2-1/2"]
[WhiteElo "2194"]
[BlackElo "2260"]
[PlyCount "212"]
[EventDate "2018.10.21"]
[EventType "team-tourn"]
[EventRounds "11"]
[EventCountry "GER"]
[SourceTitle "EXT 2020"]
[Source "ChessBase"]
[SourceDate "2019.10.17"]
[SourceVersion "1"]
[SourceVersionDate "2019.10.17"]
[SourceQuality "1"]
[WhiteTeam "Gernsheim"]
[BlackTeam "Stadtilm Blau Weiss"]
[WhiteTeamCountry "GER"]
[BlackTeamCountry "GER"]

1. d4 Nf6 2. c4 e6 3. g3 d5 4. Nf3 Be7 5. Bg2 0-0 6. 0-0 dxc4 7. Qc2 a6 8. a4 b6 9. Ne5 Ra7 10. Rd1 Bb7 11. e4 Nc6 12. Nxc6 Bxc6 13. b3 Qa8 14. bxc4 Bxe4 15. Bxe4 Nxe4 16. Qe2 Rd8 17. Bb2 Bf6 18. Nd2 Nxd2 19. Rxd2 c6 20. Rb1 Rad7 21. d5 Bxb2 22. Rbxb2 cxd5 23. cxd5 Rxd5 24. Rxd5 exd5 25. Rxb6 d4 26. Qd3 a5 27. Rb5 g6 28. h4 Rc8 29. f3 Rd8 30. Kf2 Qa6 31. h5 Qe6 32. hxg6 hxg6 33. Qb3 Qe8 34. Qd3 Qe6 35. Qb3 Qh3 36. Rb7 Qh2+ 37. Kf1 Rf8 38. g4 Qf4 39. Rd7 Re8 40. Qd1 Qg3 41. Rxd4 Kg7 42. Rd7 Re6 43. Rd3 Rf6 44. Qa1 g5 45. Qd4 Kg6 46. Qf2 Qf4 47. Qc2 Qxg4 48. Rd6+ Qf5 49. Rxf6+ Kxf6 50. Qc6+ Qe6 51. Qc3+ Qe5 52. Qc6+ Kg7 53. Kf2 f6 54. Kg2 f5 55. Qb5 Kf6 56. Qb6+ Kf7 57. Qb7+ Qe7 58. Qb3+ Qe6 59. Qb5 Kg6 60. Kf2 f4 61. Qd3+ Kh6 62. Qd4 Qe8 63. Kf1 Kh5 64. Qa7 Qg6 65. Qb7 Qd3+ 66. Kf2 Qc2+ 67. Kf1 Kh4 68. Qd7 Qc1+ 69. Kg2 Qc2+ 70. Kf1 Kh5 71. Qh3+ Kg6 72. Qe6+ Kg7 73. Qe7+ Kh6 74. Qe6+ Qg6 75. Qh3+ Kg7 76. Qd7+ Qf7 77. Qd4+ Kg6 78. Qc5 Qf5 79. Qc6+ Kh5 80. Kf2 Qe5 81. Qb6 Qc3 82. Qe6 Qc2+ 83. Kf1 Qxa4 84. Qg4+ Kg6 85. Qe6+ Kg7 86. Qe7+ Kh6 87. Qe6+ Kg7 88. Qe7+ Kg8 89. Qxg5+ Kf7 90. Qf5+ Ke7 91. Qh7+ Kd6 92. Qg6+ Kc7 93. Qg7+ Kb6 94. Qf6+ Kc5 95. Qe5+ Kb6 96. Qf6+ Qc6 97. Qxf4 a4 98. Ke1 Kb5 99. Qe5+ Kc4 100. Qe3 Qd6 101. Qc1+ Kb5 102. Qb2+ Qb4+ 103. Qxb4+ Kxb4 104. Kd2 Kb3 105. Kc1 a3 106. Kb1 Kc3 1/2-1/2

[Event "Oberliga Ost-B 1819"]
[Site "Germany"]
[Date "2019.03.23"]
[Round "8.2"]
[White "Langheinrich, Ferenc"]
[Black "Hebbering, Tom Elliot"]
[Result "1-0"]
[WhiteElo "2376"]
[BlackElo "2194"]
[PlyCount "75"]
[EventDate "2018.10.21"]
[EventType "team-tourn"]
[EventRounds "11"]
[EventCountry "GER"]
[SourceTitle "EXT 2020"]
[Source "ChessBase"]
[SourceDate "2019.10.17"]
[SourceVersion "1"]
[SourceVersionDate "2019.10.17"]
[SourceQuality "1"]
[WhiteTeam "Erfurt Empor"]
[BlackTeam "Gernsheim"]
[WhiteTeamCountry "GER"]
[BlackTeamCountry "GER"]

1. f4 d5 2. Nf3 g6 3. e3 Bg7 4. c4 c6 5. d4 Nf6 6. Nc3 0-0 7. cxd5 cxd5 8. Bd3 Nc6 9. 0-0 Bg4 10. h3 Bxf3 11. Qxf3 Rc8 12. Bd2 e6 13. g4 a6 14. Rac1 b5 15. Kg2 Qb6 16. Ne2 b4 17. b3 Na7 18. Rxc8 Nxc8 19. f5 Nd6 20. Ng3 Qb7 21. Qf4 Rd8 22. Rc1 a5 23. h4 exf5 24. gxf5 Nfe4 25. Bxe4 dxe4 26. h5 Nxf5 27. Nxf5 gxf5 28. h6 Bf6 29. Qxf5 Qa6 30. Rf1 Rd6 31. Qg4+ Kf8 32. Be1 Bxd4 33. Bg3 Rg6 34. Qd7 Qe2+ 35. Rf2 Rxg3+ 36. Kxg3 Qxe3+ 37. Kg4 Bf6 38. Qd6+ 1-0

[Event "Heusenstamm Sparkassen op-A 5th"]
[Site "Heusenstamm"]
[Date "2018.11.25"]
[Round "6"]
[White "Hebbering, Tom Elliot"]
[Black "Kolker, Vladislav"]
[Result "1/2-1/2"]
[WhiteElo "2199"]
[BlackElo "1999"]
[PlyCount "64"]
[EventDate "2018.11.22"]
[EventType "swiss"]
[EventRounds "7"]
[EventCountry "GER"]
[SourceTitle "CBM 188 Extra"]
[Source "ChessBase"]
[SourceDate "2019.02.26"]
[SourceVersion "1"]
[SourceVersionDate "2019.02.26"]
[SourceQuality "1"]

1. d4 Nf6 2. c4 g6 3. g3 Bg7 4. Bg2 0-0 5. Nc3 d6 6. Nf3 Nc6 7. 0-0 a6 8. b3 Rb8 9. d5 Na5 10. Bg5 h6 11. Bd2 c5 12. dxc6 Nxc6 13. Rc1 Bd7 14. Nd5 b5 15. Nxf6+ Bxf6 16. Bxh6 Re8 17. Qd2 bxc4 18. Rxc4 a5 19. Rfc1 Qb6 20. h4 Rec8 21. Bg5 Bg7 22. Be3 Qa6 23. Nd4 Nxd4 24. Bxd4 Rxc4 25. Rxc4 Bxd4 26. Rxd4 a4 27. bxa4 Rb1+ 28. Kh2 Bxa4 29. Rb4 Rxb4 30. Qxb4 Bd1 31. e4 Qxa2 32. Qd4 Qa4 1/2-1/2

[Event "Heusenstamm Sparkassen op-A 5th"]
[Site "Heusenstamm"]
[Date "2018.11.24"]
[Round "5"]
[White "Geske, Julian"]
[Black "Hebbering, Tom Elliot"]
[Result "1-0"]
[WhiteElo "2382"]
[BlackElo "2199"]
[PlyCount "103"]
[EventDate "2018.11.22"]
[EventType "swiss"]
[EventRounds "7"]
[EventCountry "GER"]
[SourceTitle "CBM 188 Extra"]
[Source "ChessBase"]
[SourceDate "2019.02.26"]
[SourceVersion "1"]
[SourceVersionDate "2019.02.26"]
[SourceQuality "1"]

1. d4 d5 2. c4 c6 3. Nf3 Nf6 4. e3 e6 5. b3 Nbd7 6. Bd3 Bd6 7. Bb2 0-0 8. Nbd2 b6 9. 0-0 Bb7 10. Qe2 Qe7 11. Rad1 e5 12. dxe5 Nxe5 13. Bb1 Nxf3+ 14. Nxf3 Ne4 15. Nd4 Be5 16. cxd5 cxd5 17. Nf5 Qf6 18. Bxe5 Qxe5 19. Nd4 Rfe8 20. Rc1 Rac8 21. Bd3 Rxc1 22. Rxc1 Rc8 23. Rxc8+ Bxc8 24. Qc2 Bd7 25. b4 g6 26. a3 Nf6 27. h3 Qd6 28. Qc3 Ne8 29. Bc2 Qc7 30. Qd2 Nf6 31. Bb3 a5 32. Ne2 axb4 33. axb4 Bb5 34. Nf4 Bc4 35. Qc3 Qc6 36. Bxc4 Ne4 37. Nxd5 Qxd5 38. Qh8+ Kxh8 39. Bxd5 Nd6 40. e4 f6 41. f4 Kg7 42. Kf2 Nb5 43. Ke3 Kf8 44. Bc4 Nc7 45. Kd4 Ke7 46. h4 h6 47. b5 Kd6 48. e5+ fxe5+ 49. fxe5+ Ke7 50. Ke4 Kf8 51. g4 Ke7 52. h5 1-0

[Event "Oberliga Ost-B 1819"]
[Site "Germany"]
[Date "2018.11.11"]
[Round "3.2"]
[White "Hebbering, Tom Elliot"]
[Black "Wege, Jochen"]
[Result "1-0"]
[WhiteElo "2194"]
[BlackElo "2296"]
[PlyCount "111"]
[EventDate "2018.10.21"]
[EventType "team-tourn"]
[EventRounds "11"]
[EventCountry "GER"]
[SourceTitle "EXT 2020"]
[Source "ChessBase"]
[SourceDate "2019.10.17"]
[SourceVersion "1"]
[SourceVersionDate "2019.10.17"]
[SourceQuality "1"]
[WhiteTeam "Gernsheim"]
[BlackTeam "Nied Koenig"]
[WhiteTeamCountry "GER"]
[BlackTeamCountry "GER"]

1. d4 e6 2. c4 Nf6 3. g3 Bb4+ 4. Bd2 Qe7 5. Nf3 0-0 6. Bg2 Nc6 7. 0-0 Bxd2 8. Qxd2 d6 9. Nc3 Re8 10. Rfd1 a5 11. d5 Nb8 12. dxe6 fxe6 13. Nd4 Na6 14. Ndb5 Nc5 15. b3 Qd8 16. Qc2 Bd7 17. a3 Bc6 18. Bxc6 bxc6 19. Nd4 Qd7 20. b4 Na6 21. b5 cxb5 22. cxb5 Nc5 23. Na4 Nfe4 24. Nxc5 Nxc5 25. a4 e5 26. Nb3 Nxb3 27. Qxb3+ Qf7 28. Qxf7+ Kxf7 29. Rac1 Re7 30. Rc6 Rd7 31. Rdc1 Ra7 32. e4 Ke7 33. Kf1 Kd8 34. Ke2 Rb7 35. Ra6 c5 36. Rxa5 Rf7 37. Ra6 Rf6 38. Rd1 Ke7 39. h4 g6 40. Rd2 h6 41. Rb2 g5 42. hxg5 hxg5 43. a5 Kd7 44. Ra8 Kc7 45. Rg8 d5 46. Rg7+ Kb8 47. Rxb7+ Kxb7 48. exd5 g4 49. Ke3 c4 50. Ke4 Rf3 51. a6+ Kb6 52. Ra2 Rf8 53. a7 Ra8 54. d6 c3 55. d7 c2 56. Rxc2 1-0